Management Information Systems (Ch.2-3) - Statistics

General Stats
  • This quiz has been taken 3 times
  • The average score is 3 of 19
Answer Stats
Hint Answer % Correct
Porter 4 Power of consumers
100%
Porter 3 Power of suppliers
67%
Porter 1 Competition in the industry
33%
Porter 2 Ease of entry
33%
Porter 5 Threat of substitute products
33%
Rationality is constrained Bounded rationality
0%
Bureaucratic Model 2 Bureaucratic
0%
Simon 3 Choice
0%
Mintzberg 3 Decisional Roles
0%
Simon 2 Design
0%
Mintzberg 1 Interpersonal Roles
0%
Bureaucratic Model 4 Garbage Can
0%
Simon 4 Implementation
0%
Mintzberg 2 Informational Roles
0%
Simon 1 Intelligence
0%
Decision makers tend to make incremental decisions Lindblom's Muddling Through
0%
Bureaucratic Model 3 Political
0%
Bureaucratic Model 1 Rational Actor
0%
Good enough solution satisficing
0%
No matching quizzes found
Score Distribution
Percent of People with Each Score
Percentile by Number Answered
Your Score History
You have not taken this quiz